Determinanty zahraničného obchodu krajín Eurozóny

Determinanty ovplyvňujúce veľkosť exportu 19 krajín eurozóny a ich 180 obchodných partnerov v rokoch 2000-2015.

Gespeichert in:
Bibliographische Detailangaben
1. Verfasser: König, Brian, 1983-
Format: Buchkapitel
Sprache:Slowakisch
Schlagworte:
Tags: Tag hinzufügen
Keine Tags, Fügen Sie das erste Tag hinzu!

MARC

LEADER 00000naa$a2200000$$$4500
001 0249522
005 20240502074006.0
041 0 |a slo 
044 |a SK 
245 1 0 |a Determinanty zahraničného obchodu krajín Eurozóny  |c Brian König 
520 |a Determinanty ovplyvňujúce veľkosť exportu 19 krajín eurozóny a ich 180 obchodných partnerov v rokoch 2000-2015. 
610 2 0 |a modely ekonometrické 
610 2 0 |a obchod zahraničný 
610 2 0 |a eurozóna 
610 2 0 |a výskum 
100 1 |a König, Brian, 1983-